000 00841nam a2200265 i 4500
001 7326
003 ES-MaACL
005 20230906145217.0
007 t|
008 901120s1990 sp af |||| | spa d
020 _a84-86902-07-X
080 _a316.74:7(460)
080 _a72.034.5(460)
100 1 _aCámara Muñoz, Alicia.
_933995
245 1 0 _aArquitectura y sociedad en el Siglo de Oro :
_bidea, traza y edificio /
_cAlicia Cámara Muñoz.
260 _aMadrid :
_bEl Arquero,
_c[1990]
300 _a280 p., [32] p. de lám. ;
_c21 cm.
490 1 _aTextos universitarios
504 _aBibliografía: p. 251-277.
650 1 4 _aArte y sociedad-
_zEspaña.
_9150993
650 4 _aArquitectura renacentista-
_zEspaña.
_910052
830 1 _aTextos universitarios
_9177853
852 _aES-MaACL
_jL-14541
999 _c7326
_d7326